Normal view
MARC view
Entry Personal Name
001 - CONTROL NUMBER
- control field: 160536
003 - CONTROL NUMBER IDENTIFIER
- control field: OSt
005 - DATE AND TIME OF LATEST TRANSACTION
- control field: 20220923211440.0
008 - FIXED-LENGTH DATA ELEMENTS
- fixed length control field: 220923|| aca||aabn | a|a d
040 ## - CATALOGING SOURCE
- Original cataloging agency: OSt
- Transcribing agency: OSt
100 ## - HEADING--PERSONAL NAME
- Personal name: क़ासमी, अहमद नदीम; आलम, ख़ुर्शीद, अनु
670 ## - SOURCE DATA FOUND
- Source citation: Work cat.: (OSt)299650: क़ासमी, अहमद नदीम; आलम, ख़ुर्शीद, अनु., अहमद नदीम कासमी की गिनी चुनी कहानियां, 2012
